| 000 | 01083nam a22002417a 4500 | ||
|---|---|---|---|
| 005 | 20240530110622.0 | ||
| 008 | 161226s2015 ua bf g | 000 0 ara d | ||
| 017 |
_a2014/25716 _bمصر. دار الكتب |
||
| 020 | _a9789774115420 | ||
| 040 |
_aEG-CaGPL _cEG-CaGPL |
||
| 082 | 0 | 4 |
_221 _a910.02\ _bم ج |
| 100 | 0 | _aمحمد ابراهيم حسن | |
| 245 | 1 | 0 |
_aجغرافيا البحار و المحيطات و احواضها : _bدراسة طبيعية و اقتصادية / _cمحمد ابراهيم حسن ؛ اشرف على اعداده و قدم له السيد على شتا |
| 250 | _aط. 1 | ||
| 260 |
_aالقاهرة : _bالمكتبة المصرية للنشر و التوزيع ، _c2015. |
||
| 300 |
_a557 ص. : _bايض ؛ _c24 سم + _eملاحق . |
||
| 650 | 0 | 7 |
_2qrmak _aالبحار و المحيطات |
| 650 | 0 | 7 |
_2qrmak _aالبحار و المحيطات _vخرائط |
| 650 | 0 | 7 |
_2qrmak _aالجغرافيا الطبيعية |
| 700 | 0 |
_aالسيد على شتا _eمشرف و معد |
|
| 942 |
_2ddc _cBK |
||
| 999 |
_c63080 _d63080 |
||